Usa States Capitals - Statistics

General Stats
  • This quiz has been taken 160 times
  • The average score is 34 of 50
Answer Stats
Hint Answer % Correct
Colorado Denver
87%
Hawaii Honolulu
87%
Oklahoma Oklahoma City
86%
Georgia Atlanta
85%
Massachusetts Boston
85%
Indiana Indianapolis
85%
Arizona Phoenix
85%
Texas Austin
83%
Utah Salt Lake City
82%
Florida Tallahassee
79%
New York Albany
77%
California Sacramento
77%
Ohio Columbus
75%
Alaska Juneau
75%
Alabama Montgomery
73%
Louisiana Baton Rouge
72%
Idaho Boise
72%
Arkanas Little Rock
72%
New Mexico Santa Fe
72%
Maryland Annapolis
70%
South Carolina Columbia
70%
Iowa Des Moines
70%
Kentucky Frankfort
68%
Mississippi Jackson
68%
Illinois Springfield
68%
Nevada Carson City
66%
Nebraska Lincoln
66%
Tennessee Nashville
66%
Montana Helena
65%
Washington Olympia
65%
North Carolina Raleigh
65%
New Jersey Trenton
65%
Oregon Salem
63%
South Dakota Pierre
62%
Rhode Island Providence
62%
Minnesota Saint Paul
62%
West Viriginia Charleston
61%
Delaware Dover
61%
Pennsylvania Harrisburg
61%
Connecticut Hartford
61%
Kansas Topeka
61%
Missouri Jefferson City
59%
Wisconsin Madison
59%
Viriginia Richmond
59%
North Dakota Bismarck
58%
Michigan Lansing
56%
Maine Augusta
55%
Wyoming Cheyenne
55%
New Hampshire Concord
55%
Vermont Montpelier
42%
No matching quizzes found
Score Distribution
Percent of People with Each Score
Percentile by Number Answered
Your Score History
You have not taken this quiz